[Event "SF Gerresheim 1 - SG Solingen 3"]
[Site "NRW-Klasse, Gruppe 2 2012/201"]
[Date "2012.09.16"]
[Round "1.5"]
[White "Neumair, Jerome"]
[Black "van Lanen, Toon"]
[Result "1-0"]
[WhiteElo "2079"]
[BlackElo "2123"]
[Annotator "Doe,John"]
[PlyCount "71"]
[EventDate "2012.??.??"]
[WhiteTeam "SG Solingen 3"]
[BlackTeam "SF Gerresheim 1"]

1. d4 d5 2. c4 e6 3. Nc3 c5 4. cxd5 exd5 5. Nf3 Nc6 6. g3 c4 7. Bg2 Bb4 8. O-O
Nge7 9. Bf4 Qa5 10. Na4 Qd8 11. a3 Bd6 12. Ne5 O-O 13. Nxc6 bxc6 14. Bxd6 Qxd6
15. b3 cxb3 16. Qxb3 Ba6 17. Qc2 Rfb8 18. Rfc1 Bc4 19. Nc5 f5 20. e3 Rb6 21.
Bf1 Bxf1 22. Kxf1 Rab8 23. Rab1 g6 24. a4 a5 25. Rxb6 Rxb6 26. Rb1 Nc8 $11 27.
Rb3 Qe7 28. h4 Kf7 29. Nd3 Rxb3 30. Qxb3 Ke8 31. Qb8 Kd8 32. Ne5 Qc7 33. Qa8
Ke7 34. Nxc6+ Kd6 35. Nxa5 Nb6 36. Qf8+ 1-0

[Event "SF Gerresheim 1 - SG Solingen 3"]
[Site "NRW-Klasse, Gruppe 2 2012/201"]
[Date "2012.09.16"]
[Round "1.6"]
[White "Selten, Jan"]
[Black "Auer, Martin"]
[Result "1/2-1/2"]
[WhiteElo "2075"]
[BlackElo "2172"]
[PlyCount "37"]
[EventDate "2012.??.??"]
[WhiteTeam "SF Gerresheim 1"]
[BlackTeam "SG Solingen 3"]

1. e4 d6 2. c4 g6 3. Nc3 Bg7 4. d4 Nf6 5. Nf3 O-O 6. Be2 Nbd7 7. O-O e5 8. dxe5
dxe5 9. Bg5 h6 10. Bxf6 Qxf6 11. Nd5 Qd8 12. b4 c6 13. Ne3 Qe7 14. c5 Rd8 15.
Qb3 Nf8 16. Rad1 Be6 17. Bc4 b5 18. cxb6 axb6 19. b5 1/2-1/2

[Event "SF Gerresheim 1 - SG Solingen 3"]
[Site "NRW-Klasse, Gruppe 2 2012/201"]
[Date "2012.09.16"]
[Round "1.7"]
[White "Hannewald, Anton"]
[Black "Bondarchuk, Vadim"]
[Result "0-1"]
[WhiteElo "1971"]
[BlackElo "1964"]
[PlyCount "46"]
[EventDate "2012.??.??"]
[WhiteTeam "SG Solingen 3"]
[BlackTeam "SF Gerresheim 1"]

1. e4 e5 2. Nf3 Nf6 3. Nxe5 d6 4. Nf3 Nxe4 5. d4 d5 6. Bd3 Nc6 7. O-O Be7 8. c4
Nb4 9. Nc3 Nxd3 10. Qxd3 Bf5 11. Nxd5 Ng3 12. Qb3 Nxf1 13. Kxf1 c6 14. Nxe7
Qxe7 15. Bg5 f6 16. Re1 Be4 17. Nd2 Bxg2+ 18. Kxg2 Qxe1 19. Qxb7 O-O 20. Be3
Rab8 21. Qxc6 Rxb2 22. Qe6+ Kh8 23. Qd6 Re8 0-1

[Event "SF Gerresheim 1 - SG Solingen 3"]
[Site "NRW-Klasse, Gruppe 2 2012/201"]
[Date "2012.09.16"]
[Round "1.8"]
[White "Niemers, Johannes"]
[Black "Zolfagharian, Kevin"]
[Result "1-0"]
[WhiteElo "2003"]
[BlackElo "1915"]
[PlyCount "57"]
[EventDate "2012.??.??"]
[WhiteTeam "SF Gerresheim 1"]
[BlackTeam "SG Solingen 3"]

1. e4 c5 2. Nf3 Nc6 3. c3 Nf6 4. Qc2 e5 5. Bb5 Qc7 6. O-O Ne7 7. c4 Ng6 8. Nc3
a6 9. Ba4 Be7 10. d3 h6 11. h3 O-O 12. Be3 d6 13. a3 Nh5 14. Nd5 Qd8 15. b4
Nhf4 16. Bxf4 Nxf4 17. Nxf4 exf4 18. Rab1 g5 19. bxc5 dxc5 20. Rfe1 f5 21. Ne5
Bd6 22. Qc3 fxe4 23. Ng6 Rf6 24. Rxe4 b5 25. Re8+ Qxe8 26. Qxf6 bxa4 27. Qxd6
Kg7 28. Rb6 Qe1+ 29. Kh2 1-0

[Event "Oberhausener SV 1 - SK Herne-Sodingen 1"]
[Site "NRW-Klasse, Gruppe 2 2012/201"]
[Date "2012.09.16"]
[Round "1.1"]
[White "Graw, Christopher"]
[Black "Hort, Vlastimil"]
[Result "0-1"]
[WhiteElo "2177"]
[BlackElo "2426"]
[PlyCount "112"]
[EventDate "2012.??.??"]
[WhiteTeam "SK Herne-Sodingen 1"]
[BlackTeam "Oberhausener SV 1"]

1. d4 Nf6 2. c4 g6 3. Nc3 d5 4. Nf3 Bg7 5. Bg5 Ne4 6. Bh4 Nxc3 7. bxc3 c5 8.
cxd5 Qxd5 9. e3 Nc6 10. Be2 cxd4 11. cxd4 Qa5+ 12. Qd2 Qxd2+ 13. Kxd2 O-O 14.
Rab1 Rd8 15. Rhc1 f6 16. Ke1 Kf8 17. Rc5 Nb8 18. e4 g5 19. Bg3 g4 20. Nd2 Nc6
21. d5 Nd4 22. Bc7 Re8 23. Bd1 b5 24. Nb3 Nxb3 25. Bxb3 Bd7 26. Ba5 Rec8 27.
Rbc1 Bh6 28. Rxc8+ Rxc8 29. Rxc8+ Bxc8 30. Ke2 Bc1 31. Kd3 Bf4 32. g3 Be5 33.
a4 Bd7 34. axb5 Bxb5+ 35. Bc4 Bd7 36. Bc3 Ke8 37. Ba6 Kd8 38. Bd4 Bxd4 39. Kxd4
Kc7 40. e5 fxe5+ 41. Kxe5 Kb6 42. Bd3 Kc5 43. Bxh7 a5 44. Bb1 a4 45. Ba2 a3 46.
Kf4 Kd4 47. f3 gxf3 48. Kxf3 Kc3 49. g4 Kb2 50. Bc4 Bb5 51. d6 exd6 52. Be6
Bc6+ 53. Ke2 Be4 54. g5 d5 55. g6 Bxg6 56. Bxd5 Bc2 0-1

[Event "Oberhausener SV 1 - SK Herne-Sodingen 1"]
[Site "NRW-Klasse, Gruppe 2 2012/201"]
[Date "2012.09.16"]
[Round "1.2"]
[White "Becker, Marcel"]
[Black "Sandkamp, Ralph"]
[Result "1-0"]
[WhiteElo "2354"]
[BlackElo "2202"]
[PlyCount "91"]
[EventDate "2012.??.??"]
[WhiteTeam "Oberhausener SV 1"]
[BlackTeam "SK Herne-Sodingen 1"]

1. d4 Nf6 2. c4 g6 3. Nc3 Bg7 4. Nf3 O-O 5. Bg5 d6 6. e3 Nbd7 7. Qc2 e5 8. Rd1
exd4 9. Nxd4 Nc5 10. Be2 Ne6 11. Nxe6 Bxe6 12. O-O h6 13. Bh4 g5 14. Bg3 Nd7
15. f4 f5 16. Nb5 Nc5 17. Nd4 Qd7 18. fxg5 hxg5 19. Bf3 Ne4 20. Nxf5 Bxf5 21.
Bxe4 Bxe4 22. Qxe4 Rxf1+ 23. Rxf1 Re8 24. Qxb7 Rxe3 25. Qd5+ Qe6 26. Qxe6+ Rxe6
27. b3 Re2 28. Rf5 Rxa2 29. Rxg5 Ra3 30. Rb5 Bd4+ 31. Kf1 a5 32. Rb7 c5 33.
Bxd6 a4 34. bxa4 Rxa4 35. Ke2 Rxc4 36. Kd3 Rc3+ 37. Ke4 Re3+ 38. Kd5 Re2 39. g4
Bg1 40. h3 Rd2+ 41. Ke6 Rd3 42. Be5 Re3 43. Rg7+ Kh8 44. Rg5+ Kh7 45. Kf7 Rf3+
46. Bf6 1-0

[Event "Oberhausener SV 1 - SK Herne-Sodingen 1"]
[Site "NRW-Klasse, Gruppe 2 2012/201"]
[Date "2012.09.16"]
[Round "1.3"]
[White "Langers, Alexander"]
[Black "Kaufeld, Juergen"]
[Result "1-0"]
[WhiteElo "2156"]
[BlackElo "2258"]
[PlyCount "55"]
[EventDate "2012.??.??"]
[WhiteTeam "SK Herne-Sodingen 1"]
[BlackTeam "Oberhausener SV 1"]

1. e4 c5 2. Nf3 d6 3. d4 cxd4 4. Nxd4 Nf6 5. Nc3 a6 6. Bg5 e6 7. f4 Nc6 8. Qd2
h6 9. Bxf6 Qxf6 10. Nf3 Qd8 11. O-O-O Be7 12. Kb1 Qc7 13. Bd3 Bd7 14. Rhe1 Qa5
15. Qe3 g5 16. Nd5 gxf4 17. Qxf4 exd5 18. exd5 Qxd5 19. Be4 Qc4 20. b3 Qb4 21.
a3 Qxa3 22. Bxc6 Bxc6 23. Rxd6 Bxf3 24. Rxe7+ Kxe7 25. Qf6+ Kf8 26. Qxh8+ Ke7
27. Qe5+ Kf8 28. Rxh6 1-0

[Event "Oberhausener SV 1 - SK Herne-Sodingen 1"]
[Site "NRW-Klasse, Gruppe 2 2012/201"]
[Date "2012.09.16"]
[Round "1.4"]
[White "Litwak, Aleksej"]
[Black "Wickenfeld, Stefan"]
[Result "1/2-1/2"]
[WhiteElo "2186"]
[BlackElo "2045"]
[Annotator "Doe,John"]
[PlyCount "96"]
[EventDate "2012.??.??"]
[WhiteTeam "Oberhausener SV 1"]
[BlackTeam "SK Herne-Sodingen 1"]

1. e4 d5 2. exd5 Nf6 3. d4 Nxd5 4. c4 Nb6 5. Nf3 Bg4 6. Be2 e6 7. Nc3 Be7 8. h3
Bh5 9. Be3 Nc6 10. g4 Bg6 11. Ne5 Nxe5 12. dxe5 Bb4 13. Qb3 Qe7 14. Rd1 Be4 15.
f3 Bc6 16. a3 Bc5 17. Nb5 O-O 18. Qc3 Bxe3 19. Qxe3 Bxb5 20. cxb5 Nd5 21. Qe4
$11 Qh4+ 22. Kf1 Qg3 23. Rg1 Qxh3+ 24. Kf2 Qh2+ 25. Rg2 Qf4 26. Rh1 Qxe4 27.
fxe4 Nf4 28. Rgh2 h6 29. g5 Nxe2 30. Kxe2 Kh7 31. gxh6 g6 32. Rc1 Rac8 33. Ke3
c6 34. Rhc2 Kxh6 35. bxc6 Rxc6 36. Rxc6 bxc6 37. Rxc6 Rb8 38. b4 a5 39. bxa5
Rb3+ 40. Kd4 Rxa3 41. a6 g5 42. Kc5 g4 43. Kb6 g3 44. a7 g2 45. Rc1 Rb3+ 46.
Kc7 Ra3 47. Kb8 Rb3+ 48. Kc7 Ra3 1/2-1/2

[Event "Oberhausener SV 1 - SK Herne-Sodingen 1"]
[Site "NRW-Klasse, Gruppe 2 2012/201"]
[Date "2012.09.16"]
[Round "1.5"]
[White "Waldschmidt, Georg"]
[Black "Nissen, Claus"]
[Result "0-1"]
[WhiteElo "2208"]
[BlackElo "2144"]
[PlyCount "82"]
[EventDate "2012.??.??"]
[WhiteTeam "SK Herne-Sodingen 1"]
[BlackTeam "Oberhausener SV 1"]

1. e4 e6 2. d4 d5 3. e5 c5 4. c3 Nc6 5. Nf3 Qb6 6. Bd3 cxd4 7. cxd4 Bd7 8. O-O
Nxd4 9. Nbd2 Nc6 10. Nb3 Qc7 11. Bf4 Nge7 12. Bg3 g6 13. Nbd4 a6 14. Qa4 Qa5
15. Qd1 Nxd4 16. Nxd4 Qb6 17. Nc2 h5 18. Qf3 Bg7 19. Rfe1 Bc6 20. Bh4 d4 21.
Qf4 Rd8 22. Rad1 Rd7 23. b3 Nd5 24. Qxd4 Qxd4 25. Nxd4 Nc3 26. Rc1 Nxa2 27. Rc4
O-O 28. Nxc6 Rxd3 29. Na5 b6 30. Nc6 Rxb3 31. Ra4 Nc3 32. Rxa6 Nd5 33. Ne7+
Nxe7 34. Bxe7 Rc8 35. g3 Rb2 36. Re3 Rb5 37. Bd6 g5 38. h3 Kh7 39. Ra7 Kg6 40.
Rf3 f6 41. Re7 Rc1+ 0-1

[Event "Oberhausener SV 1 - SK Herne-Sodingen 1"]
[Site "NRW-Klasse, Gruppe 2 2012/201"]
[Date "2012.09.16"]
[Round "1.6"]
[White "Ciornei, Dragos"]
[Black "Becker, Joerg"]
[Result "1-0"]
[WhiteElo "2120"]
[BlackElo "2170"]
[PlyCount "77"]
[EventDate "2012.??.??"]
[WhiteTeam "Oberhausener SV 1"]
[BlackTeam "SK Herne-Sodingen 1"]

1. e4 c5 2. Nf3 Nc6 3. d4 cxd4 4. Nxd4 Nf6 5. Nc3 d6 6. Bc4 e6 7. Bb3 Be7 8.
Be3 a6 9. f3 Na5 10. Qd2 Qc7 11. g4 Nc4 12. Bxc4 Qxc4 13. O-O-O b5 14. Kb1 Bb7
15. h4 Rc8 16. h5 Nd7 17. g5 Nf8 18. Rhg1 g6 19. Rh1 Rg8 20. hxg6 hxg6 21. Nb3
Qc7 22. a3 Nd7 23. Bf4 Ne5 24. Bxe5 dxe5 25. Rh7 Rd8 26. Qe3 Rxd1+ 27. Nxd1 Qd8
28. Nc3 Bxg5 29. Qa7 Qa8 30. Qc5 Qb8 31. Nxb5 Be7 32. Nc7+ Kd7 33. Rxf7 Qd8 34.
Qxe5 Kc8 35. Qxe6+ Kxc7 36. Rxe7+ Kb8 37. Na5 Ba8 38. Qe5+ Kc8 39. Qc5+ 1-0

[Event "Oberhausener SV 1 - SK Herne-Sodingen 1"]
[Site "NRW-Klasse, Gruppe 2 2012/201"]
[Date "2012.09.16"]
[Round "1.7"]
[White "Trzaska, Peter"]
[Black "Joergens, Markus"]
[Result "1/2-1/2"]
[WhiteElo "2058"]
[BlackElo "2095"]
[PlyCount "101"]
[EventDate "2012.??.??"]
[WhiteTeam "SK Herne-Sodingen 1"]
[BlackTeam "Oberhausener SV 1"]

1. c4 c6 2. e4 e5 3. Nf3 Qa5 4. Nc3 Nf6 5. Be2 Bb4 6. Qc2 O-O 7. O-O Re8 8. a3
Bf8 9. d4 d6 10. b4 Qc7 11. Bg5 Nbd7 12. d5 cxd5 13. Nb5 Qd8 14. cxd5 Rb8 15.
Nxa7 h6 16. Bd2 Nh5 17. Rfc1 Nf4 18. Bb5 Qf6 19. Bxf4 exf4 20. Qc3 Rd8 21. Qxf6
Nxf6 22. Nxc8 Rbxc8 23. Bd3 g6 24. Nd2 Bg7 25. Rab1 Nd7 26. Bb5 Ne5 27. a4 g5
28. h3 h5 29. Nb3 g4 30. hxg4 Nxg4 31. Be2 Nf6 32. Bd3 Ng4 33. Kf1 Bc3 34. Na5
Ne5 35. Be2 b6 36. Nc6 Nxc6 37. dxc6 Rxc6 38. Bxh5 Rdc8 39. Bg4 R8c7 40. Be2
Bd4 41. Rd1 Be5 42. a5 bxa5 43. bxa5 Rc2 44. a6 Ra2 45. Rdc1 Rxc1+ 46. Rxc1 Bd4
47. Rd1 Bc5 48. Rc1 Bd4 49. Rd1 Bc5 50. Rc1 Bd4 51. Rd1 1/2-1/2

[Event "Oberhausener SV 1 - SK Herne-Sodingen 1"]
[Site "NRW-Klasse, Gruppe 2 2012/201"]
[Date "2012.09.16"]
[Round "1.8"]
[White "Voge, Andreas"]
[Black "Buchenthal, Dieter"]
[Result "1/2-1/2"]
[WhiteElo "2056"]
[BlackElo "2077"]
[PlyCount "55"]
[EventDate "2012.??.??"]
[WhiteTeam "Oberhausener SV 1"]
[BlackTeam "SK Herne-Sodingen 1"]

1. e4 c5 2. Nf3 e6 3. d4 cxd4 4. Nxd4 Bc5 5. Nb3 Bb6 6. Nc3 Ne7 7. Bd3 O-O 8.
O-O f5 9. Bg5 fxe4 10. Nxe4 d5 11. Nc3 Nbc6 12. Qh5 h6 13. Na4 Bc7 14. Rfe1 Qd6
15. Bxe7 Nxe7 16. Nd4 a6 17. Nf3 Bd7 18. Nc3 Qb6 19. Nd1 Rf6 20. Ne3 e5 21.
Nxe5 Be8 22. Qh4 Bxe5 23. Ng4 Bxb2 24. Rab1 Ng6 25. Nxf6+ Qxf6 26. Qxf6 Bxf6
27. Rxe8+ Rxe8 28. Bxg6 1/2-1/2

[Event "SK Münster 1 - SF Neuenkirchen 1"]
[Site "NRW-Klasse, Gruppe 2 2012/201"]
[Date "2012.09.16"]
[Round "1.1"]
[White "Muschik, Benedikt"]
[Black "Van der Weide, Karel"]
[Result "0-1"]
[WhiteElo "2271"]
[BlackElo "2396"]
[PlyCount "122"]
[EventDate "2012.??.??"]
[WhiteTeam "SF Neuenkirchen 1"]
[BlackTeam "SK Münster 1"]

1. d4 Nf6 2. Bf4 g6 3. e3 d6 4. Nf3 Nh5 5. Bg5 h6 6. Bh4 g5 7. Nfd2 Ng7 8. Bg3
Nf5 9. Bd3 Bg7 10. Qf3 e6 11. c3 Nc6 12. Nc4 O-O 13. Nbd2 Nxg3 14. hxg3 f5 15.
g4 d5 16. Na3 e5 17. Bxf5 exd4 18. cxd4 Ne7 19. Rc1 Nxf5 20. gxf5 Bxf5 21. Qg3
c6 22. Rc3 Qb6 23. Rb3 Qa6 24. f3 Rae8 25. Kf2 c5 26. dxc5 Qa5 27. Rd1 Qxc5 28.
Nf1 d4 29. Rb5 dxe3+ 30. Ke2 Qc8 31. Nxe3 Bd7 32. Rb3 Ba4 33. Kf2 Bxb3 34. axb3
Qc5 35. Nac2 Rd8 36. Rxd8 Rxd8 37. Qg4 Rd2+ 38. Kg3 Qc7+ 39. Kh3 Qd7 40. Nf5 h5
41. Qc4+ Kh8 42. Nce3 Rd4 43. Qc2 g4+ 44. Kh2 Be5+ 45. Kh1 Rd2 46. Qc5 Rd1+ 47.
Nxd1 Qxd1+ 48. Qg1 Qd3 49. f4 Bxf4 50. Qd4+ Qxd4 51. Nxd4 Kh7 52. Ne6 Bd6 53.
Kg1 Kg6 54. Kf2 h4 55. Ke3 Kf5 56. Nd4+ Ke5 57. Nb5 Bc5+ 58. Ke2 Kf4 59. Kf1 h3
60. gxh3 gxh3 61. Nc3 Kf3 0-1

[Event "SK Münster 1 - SF Neuenkirchen 1"]
[Site "NRW-Klasse, Gruppe 2 2012/201"]
[Date "2012.09.16"]
[Round "1.2"]
[White "Kuijf, Marinus"]
[Black "Rieke, Theo"]
[Result "1-0"]
[WhiteElo "2346"]
[BlackElo "2037"]
[PlyCount "33"]
[EventDate "2012.??.??"]
[WhiteTeam "SK Münster 1"]
[BlackTeam "SF Neuenkirchen 1"]

1. e4 e5 2. Nf3 Nc6 3. d4 exd4 4. Nxd4 Nf6 5. Nxc6 bxc6 6. e5 Qe7 7. Qe2 Nd5 8.
c4 Ba6 9. Nd2 Nb6 10. b3 g6 11. Bb2 Bg7 12. O-O-O O-O-O 13. f4 Rhe8 14. Qf2 f6
15. c5 Bxf1 16. cxb6 Ba6 17. bxc7 1-0

[Event "SK Münster 1 - SF Neuenkirchen 1"]
[Site "NRW-Klasse, Gruppe 2 2012/201"]
[Date "2012.09.16"]
[Round "1.3"]
[White "Haves, Reinhard"]
[Black "Molinaroli, Martin"]
[Result "1/2-1/2"]
[WhiteElo "2174"]
[BlackElo "2276"]
[PlyCount "95"]
[EventDate "2012.??.??"]
[WhiteTeam "SF Neuenkirchen 1"]
[BlackTeam "SK Münster 1"]

1. d4 g6 2. c4 Bg7 3. Nc3 c5 4. Nf3 cxd4 5. Nxd4 Nc6 6. e3 Nf6 7. Be2 O-O 8.
O-O Nxd4 9. Qxd4 d6 10. Qd3 Be6 11. e4 Rc8 12. Nd5 Bxd5 13. exd5 Nd7 14. Be3
Nc5 15. Bxc5 dxc5 16. Rad1 Qd6 17. b3 Rcd8 18. Qe4 b6 19. g3 Rfe8 20. Kg2 Bd4
21. Bf3 e5 22. dxe6 Rxe6 23. Qd3 Rde8 24. h4 Kg7 25. h5 f5 26. hxg6 hxg6 27.
Rh1 R6e7 28. Qd2 Rh8 29. Rxh8 Kxh8 30. Qh6+ Rh7 31. Qg5 Kg7 32. Re1 Bf6 33. Qe3
Rh8 34. Bd5 Qd7 35. Qe6 Qxe6 36. Rxe6 Rd8 37. a4 Rd7 38. Re8 Rd8 39. Rxd8 Bxd8
40. f4 g5 41. Be6 Kf6 42. Bc8 Bc7 43. Kf3 Bd6 44. Bd7 Bc7 45. Bc8 Bd6 46. Bd7
Bc7 47. Bc8 Bd6 48. Bd7 1/2-1/2

[Event "SK Münster 1 - SF Neuenkirchen 1"]
[Site "NRW-Klasse, Gruppe 2 2012/201"]
[Date "2012.09.16"]
[Round "1.4"]
[White "Wolter, Kai"]
[Black "Buendgen, Achim"]
[Result "1/2-1/2"]
[WhiteElo "2223"]
[BlackElo "2216"]
[PlyCount "37"]
[EventDate "2012.??.??"]
[WhiteTeam "SK Münster 1"]
[BlackTeam "SF Neuenkirchen 1"]

1. e4 e5 2. Nf3 d6 3. d4 Nf6 4. Nc3 Nbd7 5. Bc4 Be7 6. O-O O-O 7. Re1 c6 8. a4
b6 9. d5 cxd5 10. Nxd5 Bb7 11. Bg5 Bxd5 12. exd5 Qc7 13. b3 Nc5 14. Bc1 a6 15.
Bf1 Nfe4 16. Bb2 f5 17. c4 a5 18. Qc2 Bf6 19. Rad1 1/2-1/2

[Event "SK Münster 1 - SF Neuenkirchen 1"]
[Site "NRW-Klasse, Gruppe 2 2012/201"]
[Date "2012.09.16"]
[Round "1.5"]
[White "Seegers, Hendrik"]
[Black "Bolwerk, Peter"]
[Result "1-0"]
[WhiteElo "2167"]
[BlackElo "2209"]
[PlyCount "99"]
[EventDate "2012.??.??"]
[WhiteTeam "SF Neuenkirchen 1"]
[BlackTeam "SK Münster 1"]

1. d4 Nf6 2. Nf3 g6 3. e3 Bg7 4. c4 O-O 5. Nc3 d6 6. Be2 Nbd7 7. O-O e5 8. dxe5
dxe5 9. b3 Qe7 10. Qc2 c6 11. Rd1 Re8 12. h3 e4 13. Nd2 Nc5 14. Ba3 Qe5 15. b4
Nd3 16. Ncxe4 Nxe4 17. Nxe4 Nxf2 18. Nxf2 Qg3 19. Bb2 Bf5 20. e4 Rxe4 21. Nxe4
Qe3+ 22. Kh1 Bxe4 23. Bd3 Qxh3+ 24. Kg1 Qe3+ 25. Qf2 Qxf2+ 26. Kxf2 Bxb2 27.
Bxe4 Bxa1 28. Rxa1 Rd8 29. Ke3 f5 30. Bf3 g5 31. g3 Kf7 32. c5 Kf6 33. b5 Ke5
34. bxc6 bxc6 35. Re1 g4 36. Rd1 Rc8 37. Bg2 h5 38. Rd6 h4 39. gxh4 f4+ 40. Kf2
Rb8 41. Bxc6 Rb2+ 42. Ke1 f3 43. Rd2 Rb1+ 44. Kf2 Rc1 45. Rd5+ Ke6 46. Rg5 Rc2+
47. Kg3 Rg2+ 48. Kf4 Rc2 49. Re5+ Kf6 50. Rf5+ 1-0

[Event "SK Münster 1 - SF Neuenkirchen 1"]
[Site "NRW-Klasse, Gruppe 2 2012/201"]
[Date "2012.09.16"]
[Round "1.6"]
[White "Korth, Daniel"]
[Black "Winnemoeller, Bernd"]
[Result "1/2-1/2"]
[WhiteElo "2158"]
[BlackElo "1975"]
[PlyCount "94"]
[EventDate "2012.??.??"]
[WhiteTeam "SK Münster 1"]
[BlackTeam "SF Neuenkirchen 1"]

1. d4 Nf6 2. Nf3 g6 3. Bg5 Bg7 4. Nbd2 d5 5. e3 c5 6. c3 Bf5 7. Be2 Nc6 8. O-O
Qb6 9. Qb3 c4 10. Qxb6 axb6 11. h3 h6 12. Bxf6 Bxf6 13. g4 Bd7 14. e4 e6 15. a3
b5 16. Rae1 O-O 17. Kg2 Bg7 18. Nh2 Nxd4 19. cxd4 Bxd4 20. Rb1 Bc6 21. Nhf3 Bg7
22. exd5 exd5 23. Rfe1 Rfe8 24. Bf1 Rxe1 25. Nxe1 d4+ 26. f3 d3 27. Ne4 Rd8 28.
Nf2 d2 29. Nc2 f5 30. Nb4 Be8 31. Nd1 fxg4 32. hxg4 g5 33. a4 Bf8 34. Na2 Rd4
35. axb5 Bxb5 36. Nac3 Bc6 37. Nf2 b5 38. b3 b4 39. Ne2 Rd8 40. bxc4 Ba4 41.
Ng3 Bc2 42. Rb2 b3 43. c5 Bxc5 44. Bc4+ Kh8 45. Bxb3 Bxb3 46. Nge4 Bxf2 47.
Nxd2 Be3 1/2-1/2

[Event "SK Münster 1 - SF Neuenkirchen 1"]
[Site "NRW-Klasse, Gruppe 2 2012/201"]
[Date "2012.09.16"]
[Round "1.7"]
[White "Hachmeister, Dirk"]
[Black "Rott, Georg"]
[Result "1-0"]
[WhiteElo "2180"]
[BlackElo "2093"]
[PlyCount "85"]
[EventDate "2012.??.??"]
[WhiteTeam "SF Neuenkirchen 1"]
[BlackTeam "SK Münster 1"]

1. Nf3 d5 2. c4 c6 3. b3 Bf5 4. Bb2 Nf6 5. g3 h6 6. Bg2 e6 7. O-O Be7 8. d3 O-O
9. Nbd2 a5 10. a3 Na6 11. Ra2 Bh7 12. Qa1 b5 13. Rc1 bxc4 14. bxc4 Rc8 15. Ne5
Qd6 16. Bc3 a4 17. Ndf3 c5 18. Rb1 Rb8 19. Rab2 Rxb2 20. Qxb2 Rb8 21. Qc2 Ne8
22. Rxb8 Nxb8 23. Qxa4 Kf8 24. Nd2 Bf6 25. d4 Qc7 26. cxd5 cxd4 27. Qxd4 exd5
28. Bxd5 Nd6 29. Bb4 Na6 30. Ndf3 Nxb4 31. Qxb4 Be7 32. Qb3 Bf6 33. a4 Bf5 34.
Qa3 Bh3 35. a5 Be7 36. Qa1 Qa7 37. a6 Nc8 38. Bxf7 Bc5 39. Bc4 Bxf2+ 40. Kh1
Nd6 41. Ng6+ Ke8 42. Qe5+ Kd7 43. Qe7+ 1-0

[Event "SK Münster 1 - SF Neuenkirchen 1"]
[Site "NRW-Klasse, Gruppe 2 2012/201"]
[Date "2012.09.16"]
[Round "1.8"]
[White "Chilla, Jan Eric"]
[Black "Sommer, Uwe"]
[Result "1/2-1/2"]
[WhiteElo "2098"]
[BlackElo "2022"]
[Annotator "Doe,John"]
[PlyCount "85"]
[EventDate "2012.??.??"]
[WhiteTeam "SK Münster 1"]
[BlackTeam "SF Neuenkirchen 1"]

1. Nf3 g6 2. g3 Bg7 3. d4 d5 4. Bg2 Nf6 5. O-O O-O 6. c4 c6 7. cxd5 cxd5 8. Nc3
Nc6 9. Ne5 e6 10. Nxc6 bxc6 11. Bf4 Nd7 12. Na4 e5 13. dxe5 Bxe5 14. Bxe5 Nxe5
15. Rc1 Qf6 $11 16. Qd2 Rb8 17. b3 Rd8 18. Nc5 Nd7 19. Nxd7 Rxd7 20. Rc5 Ba6
21. Rfc1 Rd6 22. Bf3 Kg7 23. h4 h5 24. Ra5 Rb6 25. Kg2 Re6 26. e3 Re7 27. Qc3
Qxc3 28. Rxc3 Kf6 29. Rac5 Re6 30. Rc1 Bd3 31. Ra5 Ra6 32. Rcc5 Rxa5 33. Rxa5
a6 34. Rc5 Ke5 35. Kg1 Kd6 36. Rc3 Bb1 37. Rc1 Bf5 38. b4 Re7 39. Rc5 Bd3 40.
a3 Ra7 41. Ra5 Rc7 42. Rc5 Ra7 43. Rc3 1/2-1/2

[Event "SG Niederkassel. 1 - SK KS Iserlohn 1"]
[Site "NRW-Klasse, Gruppe 2 2012/201"]
[Date "2012.09.16"]
[Round "1.1"]
[White "Scheider, Julian"]
[Black "Seel, Christian"]
[Result "0-1"]
[WhiteElo "2330"]
[BlackElo "2444"]
[PlyCount "64"]
[EventDate "2012.??.??"]
[WhiteTeam "SK KS Iserlohn 1"]
[BlackTeam "SG Niederkassel. 1"]

1. e4 e5 2. Nf3 d6 3. d4 exd4 4. Nxd4 Nf6 5. Nc3 Be7 6. g3 Nc6 7. Bg2 O-O 8.
O-O Nxd4 9. Qxd4 Be6 10. f4 c5 11. Qd3 Qb6 12. Kh1 Rad8 13. a3 Rfe8 14. Be3 Qc7
15. Nb5 Qb8 16. c4 a6 17. f5 Bxc4 18. Qxc4 axb5 19. Qxb5 Ng4 20. Bf4 Bf6 21. h3
Ne5 22. Rac1 h6 23. Rfd1 Bg5 24. b4 c4 25. Bf1 Qa7 26. Rxd6 Bxf4 27. gxf4 Qe3
28. Ra1 Qxf4 29. Rad1 Nf3 30. Kg2 Nh4+ 31. Kg1 Qg3+ 32. Kh1 Nf3 0-1

[Event "SG Niederkassel. 1 - SK KS Iserlohn 1"]
[Site "NRW-Klasse, Gruppe 2 2012/201"]
[Date "2012.09.16"]
[Round "1.2"]
[White "Stanetzek, Carsten"]
[Black "Messarius, Juergen"]
[Result "1/2-1/2"]
[WhiteElo "2196"]
[BlackElo "2198"]
[PlyCount "32"]
[EventDate "2012.??.??"]
[WhiteTeam "SG Niederkassel. 1"]
[BlackTeam "SK KS Iserlohn 1"]

1. e4 c5 2. Nf3 Nc6 3. Bb5 g6 4. Bxc6 dxc6 5. d3 Bg7 6. h3 Nf6 7. Nc3 Nd7 8.
Be3 b6 9. Qd2 e5 10. Bh6 O-O 11. O-O-O Qe7 12. h4 f6 13. Bxg7 Qxg7 14. g4 h6
15. Nh2 Rd8 16. Ne2 Nf8 1/2-1/2

[Event "SG Niederkassel. 1 - SK KS Iserlohn 1"]
[Site "NRW-Klasse, Gruppe 2 2012/201"]
[Date "2012.09.16"]
[Round "1.3"]
[White "Schmuecker, Marcus"]
[Black "Riedel, Holger"]
[Result "1/2-1/2"]
[WhiteElo "2135"]
[BlackElo "2154"]
[PlyCount "71"]
[EventDate "2012.??.??"]
[WhiteTeam "SK KS Iserlohn 1"]
[BlackTeam "SG Niederkassel. 1"]

1. Nf3 Nf6 2. c4 e6 3. g3 b6 4. Bg2 Bb7 5. O-O Be7 6. Nc3 O-O 7. d4 Ne4 8. Qc2
Nxc3 9. Qxc3 Bf6 10. Qc2 Nc6 11. Rd1 d5 12. cxd5 exd5 13. a3 Re8 14. b4 Qe7 15.
e3 Nd8 16. Rb1 g6 17. Qb3 Ne6 18. Bd2 g5 19. Ne5 Rad8 20. Bc3 h5 21. f4 Ng7 22.
b5 Qe6 23. Bb4 h4 24. Rbc1 Rc8 25. Qa4 hxg3 26. hxg3 Bxe5 27. fxe5 Qg4 28. Qxa7
Rb8 29. Rf1 Qxg3 30. Rxc7 Qxe3+ 31. Kh1 g4 32. Rfxf7 Qh6+ 33. Kg1 Qe3+ 34. Kh1
Qh6+ 35. Kg1 Qe3+ 36. Kh1 1/2-1/2

[Event "SG Niederkassel. 1 - SK KS Iserlohn 1"]
[Site "NRW-Klasse, Gruppe 2 2012/201"]
[Date "2012.09.16"]
[Round "1.4"]
[White "Mende, Andreas"]
[Black "Klauke, Stefan"]
[Result "1-0"]
[WhiteElo "2133"]
[BlackElo "2130"]
[PlyCount "45"]
[EventDate "2012.??.??"]
[WhiteTeam "SG Niederkassel. 1"]
[BlackTeam "SK KS Iserlohn 1"]

1. e4 c5 2. Nf3 Nf6 3. Nc3 d5 4. exd5 Nxd5 5. Bb5+ Bd7 6. Ne5 Bxb5 7. Qf3 f6 8.
Nxb5 Na6 9. Nc4 Qd7 10. a4 Nab4 11. O-O e6 12. c3 Nc6 13. Re1 Kf7 14. d4 a6 15.
Nba3 cxd4 16. Bf4 dxc3 17. bxc3 Bc5 18. Rad1 Rad8 19. Nc2 Qc8 20. Bg3 Rhe8 21.
Re4 Nb6 22. Qh5+ Kg8 23. Rxd8 1-0

[Event "SG Niederkassel. 1 - SK KS Iserlohn 1"]
[Site "NRW-Klasse, Gruppe 2 2012/201"]
[Date "2012.09.16"]
[Round "1.5"]
[White "Franke, Thomas"]
[Black "Schracke, Guido"]
[Result "1/2-1/2"]
[WhiteElo "2028"]
[BlackElo "2079"]
[PlyCount "26"]
[EventDate "2012.??.??"]
[WhiteTeam "SK KS Iserlohn 1"]
[BlackTeam "SG Niederkassel. 1"]

1. e4 d5 2. exd5 Qxd5 3. Nc3 Qd6 4. d4 Nf6 5. Nf3 a6 6. g3 Bg4 7. Bg2 e6 8. h3
Bh5 9. g4 Bg6 10. Ne5 Nd5 11. Nxd5 exd5 12. O-O Nc6 13. Bf4 O-O-O 1/2-1/2